| 000 | 01012nam a2200289Ia 4500 | ||
|---|---|---|---|
| 003 | OSt | ||
| 005 | 20221007124416.0 | ||
| 006 | a|||||r|||| 00| 0 | ||
| 007 | ta | ||
| 008 | 221006b |||||||| |||| 00| 0 eng d | ||
| 020 | _a9788173717093 (pbk) | ||
| 024 | _a184606 | ||
| 037 |
_b2802, 11/06/2012, Educational Book Agency (India) _cTextbook |
||
| 040 |
_aCDL _cCDL _beng |
||
| 041 |
_2eng _aeng |
||
| 082 | _aE5,8191, Q0;5-;14 Carc | ||
| 100 | _aGupta B D | ||
| 245 | 0 |
_aBasic organometallic chemistry : concepts, syntheses and applications _b Elias A J |
|
| 260 |
_aHyderabad _bUniversity Press _c2010 |
||
| 300 |
_a524p. _ccm. |
||
| 500 | _aIncludes bibliographical references; Appendices 1-3, 431-519p.; Index 520-524p. | ||
| 650 | _a Organometallic chemistry | ||
| 650 | _aChemistry | ||
| 700 | _a Elias A J | ||
| 942 |
_hE5,8191, Q0;5-;14 Carc _cTB _2CC |
||
| 999 |
_c1213486 _d1213486 |
||